Представление документа в формате MARC21

Поле Инд. ПП Название Значение
Тип записи a
Библиографический уровень b
001 Контрольный номер RU/IS/BASE/262112611
005 Дата корректировки 20200611192717.3
084 a Индекс другой классификации/Индекс ББК 87.3(4Фра)5; 87.225.6
100 10 a Автор Вахтомин Н. К.
245 00 a Заглавие Творческая способность мышления в философии Декарта
504 00 a Библиография Библиогр. ссылки
600 14 a Персоналии Декарт Рене
650 04 a Основная рубрика гносеология (эпистемология)
a Основная рубрика история философии
a Основная рубрика философия
653 00 a Ключевые слова XVII век
a Ключевые слова интуиция
a Ключевые слова мышление
a Ключевые слова познание
a Ключевые слова творческое мышление
a Ключевые слова Франция
773 00 t Заглавие источника Вестник Московского университета. Серия 7, Философия
d Дата издания источника 2000
g Прочая информация № 3. - С. 78 - 83
w Контрольный № источника RU/IS/BASE/149609502
901 t Тип документа b